00966cam a2200181 a 4500020001500000040000800015082002600023100002400049245009300073260012700166300003300293500032500326650001400651650001800665700002300683700002300706710005500729 a9799553709 cMNP a605 INT 1999 A036 Or.1 aFriday, Kathleen S.10aImperata grassland rehabilitation using agroforestry and assisted natural regeneration / aBogor, Indonesia :bInternational Centre for Research in Agroforestry, Southeast Asian Regional Research Programme,c1999. avi, 167 p. :bill. ;c21 cm. a"The content of this manual was drawn primarily from materials presented at the International Workshop on Agroforestry Innovations for Imperata Grassland Rehabilitation, held on January 23-27, 1995, in Banjarmasin, Indonesia, and from documented experience with Assisted Natural Regeneration in the Philippines"--P. iii. 0aImperata. 0aAgroforestry.1 aDrilling, M. Elmo.1 aGarrity, Dennis P.2 aInternational Centre for Research in Agroforestry.